Száz év után
Elmentve itt :
| Szerző: | |
|---|---|
| Adatforrás: | Meister |
| Forrásdokumentuma: | Korunk. - 8 sz., 1996, 76-80 p. |
| Nyelv: | magyar |
| Kulcsszavak: | politikatörténet politológia magyarok Magyarország |
| LEADER | 00395nab a2200157 i 4500 | ||
|---|---|---|---|
| 001 | bibPRO00000417 | ||
| 008 | 060524s1996 xx hun | ||
| 040 | |a Sz1 | ||
| 041 | |a hun | ||
| 100 | 1 | |a POMOGÁTS Béla | |
| 245 | 1 | 0 | |a Száz év után |c POMOGÁTS Béla |
| 695 | |a politikatörténet | ||
| 695 | |a politológia | ||
| 695 | |a magyarok | ||
| 695 | |a Magyarország | ||
| 773 | 0 | |t Korunk. - |g 8 sz., 1996, 76-80 p. | |